Lịch sử thế giới hiện đại 1917-1995

Sách giới thiệu các nước A - Phi - Mỹ la tinh sau chiến tranh thế giới thứ 2 (1945-1995). Phong trào cộng sản quốc tế 1945-1995. Cuộc cách mạng khoa học kỹ thuật sau chiến tranh thế giới thứ 2. Tổng kết lịch sử thế giới hiện đại....

全面介紹

Đã lưu trong:
書目詳細資料
主要作者: Nguyễn, Anh Thái
格式: 圖書
語言:Undetermined
出版: Hà Nội Giáo dục 2006
主題:
標簽: 添加標簽
沒有標簽, 成為第一個標記此記錄!
Thư viện lưu trữ: Trung tâm Học liệu Trường Đại học Cần Thơ
LEADER 00923nam a2200205Ia 4500
001 CTU_110714
008 210402s9999 xx 000 0 und d
020 |c 42000 
082 |a 909.82 
082 |b Th103 
100 |a Nguyễn, Anh Thái 
245 0 |a Lịch sử thế giới hiện đại 1917-1995 
245 0 |c Nguyễn Anh Thái (chủ biên) ... [et al.] 
260 |a Hà Nội 
260 |b Giáo dục 
260 |c 2006 
520 |a Sách giới thiệu các nước A - Phi - Mỹ la tinh sau chiến tranh thế giới thứ 2 (1945-1995). Phong trào cộng sản quốc tế 1945-1995. Cuộc cách mạng khoa học kỹ thuật sau chiến tranh thế giới thứ 2. Tổng kết lịch sử thế giới hiện đại. 
650 |a World history 
904 |i Hiếu 
980 |a Trung tâm Học liệu Trường Đại học Cần Thơ